000 00899nam a2200193Ia 4500
008 151121s9999||||xx |||||||||||||| ||und||
082 _a920/जाधव
082 _bHNW-115975
100 _aजाधव नरेंद्र
245 _aप्रज्ञासुर्य डॉ। आंबेडकर समग्र वैचारिक चरित्र
260 _b"ग्रंथाली प्रकाशन, मुंबई।"
260 _c2014
300 _a792
600 _aजाधव नरेंद्र
630 _aप्रज्ञासुर्य डॉ। आंबेडकर समग्र वैचारिक चरित्र
700 _aजाधव नरेंद्र
730 _aप्रज्ञासुर्य डॉ। आंबेडकर समग्र वैचारिक चरित्र
942 _cBOOK
999 _c1264663
_d1264660